| 000 | 01404nam a2200313 c 4500 | ||
|---|---|---|---|
| 999 |
_c186717 _d186717 |
||
| 003 | BLK | ||
| 005 | 20230408030318.0 | ||
| 008 | 180411b bul|||||r ||||||| ||bul|| | ||
| 010 | _aKNG00195713000 | ||
| 040 | _aBLK | ||
| 041 |
_aBUL _cBUL |
||
| 080 |
_aВъзпитание. Образование. Просвета. Организация на свободното време. Вж и 003;021. 3;159. 9;612;613;727 _b37 _x(075.8) _z37(075.8) |
||
| 139 |
_aПедагогика _bП 32 |
||
| 245 | 1 | 0 |
_aПедагогика _bУчебник за студентите от ВУЗ _cГавраил Хрусанов и др |
| 257 | _aBGR | ||
| 260 |
_aСофия _bНаука и изкуство _c1976 _fПлевен : Ал. Пъшев _9209548 _n978-954-02- |
||
| 300 |
_a486 с. _c22 см |
||
| 380 | _a3 | ||
| 500 | _aДруги авт.: Дечо Денев, Иван Иванов, Стефан Чернев, Марин Андреев. - 30 076 тир. - Библиогр. с. 479-481 и под линия | ||
| 650 | 4 |
_aПедагогика - учебници за ВУЗ _9244165 |
|
| 653 | _aпедагогика | ||
| 653 | _aучебници за ВУЗ | ||
| 700 |
_aХрусанов, Гавраил _eсъавт. _91445 |
||
| 852 |
_aЦб 81703 _bЦб |
||
| 856 | 4 |
_qpdf _i0.00 _ldisable |
|
| 856 | 4 |
_qpdf _i0.00 _ldisable |
|
| 942 |
_cKNG _n0 _03 _s1 |
||
| 944 |
_aCR _c10.11.2016 _kСевдалина_Василева |
||
| 944 |
_aED _c10.11.2016 _kСевдалина_Василева |
||
| 944 |
_aED _c2022-10-18 _kВП |
||
| 999 | _d186717 | ||